| 000 | 00489nam a2200193Ia 4500 | ||
|---|---|---|---|
| 008 | 131103s9999 xx 000 0 und d | ||
| 020 | _a0 02 104348 5 | ||
| 040 | _aLoreto College | ||
| 041 | _aEnglish | ||
| 082 |
_a510.7/MAT _bLCBED/14403 |
||
| 245 |
_aMath _b answer key |
||
| 260 |
_aNew York _bMacmillan _c2004 |
||
| 300 |
_a162p. _b ill. _c 27cm. |
||
| 440 | _aExamination copy | ||
| 504 | _aIncludes index | ||
| 650 | _aMathematics | ||
| 850 | _aLCBED/510.7/MAT | ||
| 942 | _cBK | ||
| 999 |
_c28417 _d78896 |
||